Holding On To You - Twenty One Pilots Lyrics - Statistics

General Stats
  • This quiz has been taken 38 times
  • The average score is 311 of 477
Answer Stats
Lyrics % Correct
Verse 1 I'm
100%
body,
96%
my
96%
no
96%
a
92%
I
92%
I
92%
in
92%
over
92%
taking
92%
Pre-Chorus You
92%
You
92%
you
92%
you
92%
be
88%
be
88%
control,
88%
I
88%
I'm
88%
I's
88%
me
88%
my
88%
my
88%
my
88%
my
88%
the
88%
you
88%
you
88%
you
88%
"You
88%
you
88%
Pre-Chorus You
88%
a
83%
a
83%
a
83%
a
83%
a
83%
a
83%
a
83%
and
83%
Chorus And
83%
And
83%
I
83%
I'm
83%
is
83%
it
83%
it
83%
it
83%
it,
83%
it
83%
it
83%
it,
83%
me
83%
me
83%
me"
83%
more
83%
my
83%
the
83%
the
83%
the
83%
the
83%
the
83%
the
83%
You
83%
you
83%
you
83%
You
83%
you,
83%
You
83%
and
79%
and
79%
And
79%
is
79%
is
79%
it
79%
my
79%
my
79%
my
79%
my
79%
Not
79%
of
79%
of
79%
the
79%
the
79%
to
79%
to
79%
you
79%
you)
79%
you
79%
you)
79%
you
79%
you)
79%
you
79%
you)
79%
all
75%
all
75%
an
75%
an
75%
an
75%
and
75%
And
75%
and
75%
And
75%
back
75%
be
75%
be
75%
be
75%
be
75%
be
75%
be
75%
be
75%
be
75%
beat?
75%
beat
75%
beat?
75%
beat
75%
beat?
75%
beat
75%
can't
75%
holding
75%
holding
75%
I
75%
Is
75%
Is
75%
Is
75%
it
75%
it,
75%
it
75%
it?
75%
it
75%
It
75%
it,
75%
it
75%
it?
75%
it
75%
It
75%
it,
75%
it
75%
it?
75%
it
75%
It
75%
my
75%
my
75%
my
75%
my
75%
my
75%
my
75%
my
75%
my
75%
my
75%
of
75%
on
75%
on
75%
the
75%
the
75%
the
75%
the
75%
the
75%
the
75%
to
75%
To
75%
to
75%
trust
75%
when
75%
you
75%
all
71%
all
71%
and
71%
And
71%
Chorus And
71%
(And
71%
And
71%
(And
71%
And
71%
(And
71%
And
71%
(And
71%
are
71%
are
71%
at
71%
at
71%
both
71%
eyes
71%
I'll
71%
I'll
71%
it
71%
kaleidoscope
71%
lot
71%
must
71%
of
71%
shotty
71%
surrounding
71%
surrounding
71%
SWAT
71%
that
71%
that
71%
that
71%
that
71%
that
71%
that
71%
that
71%
that
71%
the
71%
When
71%
When
71%
When
71%
all
67%
And
67%
are
67%
bet
67%
brain
67%
for
67%
have
67%
lot
67%
lot
67%
moment,
67%
of
67%
Sounding
67%
surrounding
67%
surroundings
67%
surroundings
67%
that
67%
that
67%
to
67%
to
67%
to
67%
to
67%
to
67%
to
67%
to
67%
to
67%
to
67%
to
67%
to
67%
to
67%
to
67%
to
67%
T's
67%
Twisting
67%
uncrossed
67%
undotted
67%
where
67%
anymore,
63%
are
63%
door,
63%
forgot,
63%
got
63%
holding
63%
holding
63%
holding
63%
holding
63%
holding
63%
holding
63%
holding
63%
holding
63%
know
63%
left-side
63%
lost,
63%
moment
63%
moment
63%
mountain
63%
on
63%
on
63%
on
63%
on
63%
on
63%
on
63%
on
63%
on
63%
range
63%
surrounding
63%
surroundings
63%
take
63%
Twisting
63%
was
63%
we
63%
we
63%
we
63%
we
63%
we
63%
we
63%
behind
58%
both
58%
brain
58%
down
58%
down
58%
eyes
58%
Fight
58%
fought
58%
I'll
58%
I'll
58%
I'll
58%
I'll
58%
I'll
58%
I'll
58%
I'll
58%
I'll
58%
kaleidoscope
58%
know
58%
Lean
58%
Lean
58%
Lean
58%
lost
58%
must've
58%
nice,
58%
nothing,
58%
nothing,
58%
nothing,
58%
now
58%
open
58%
really
58%
right?
58%
right?
58%
seems
58%
Sounding
58%
stop
58%
stop
58%
stop
58%
surroundings
58%
take
58%
take
58%
Time
58%
ain't
54%
around
54%
before
54%
exactly
54%
flesh
54%
flesh
54%
going
54%
gonna
54%
gonna
54%
gonna
54%
it's
54%
left-side
54%
life,
54%
life,
54%
like
54%
looks
54%
mountain
54%
noose
54%
noose,
54%
obey
54%
our
54%
our
54%
our
54%
our
54%
our
54%
out
54%
pain,
54%
range
54%
rock
54%
rock
54%
rock
54%
sea
54%
should
54%
should
54%
show
54%
soul
54%
This
54%
this
54%
thought
54%
thought
54%
thought
54%
Tie
54%
tie
54%
time
54%
time
54%
time
54%
with
54%
with
54%
with
54%
with
54%
with
54%
with
54%
with
54%
with
54%
with
54%
with
54%
with
54%
with
54%
your
54%
about
50%
behind
50%
belong
50%
Bridge Entertain
50%
Entertain
50%
Entertain
50%
Entertain
50%
Entertain
50%
Entertain
50%
Entertain
50%
Entertain
50%
faith
50%
faith
50%
faith
50%
faith
50%
faith
50%
faith
50%
faith
50%
faith
50%
feet
50%
feet
50%
feet
50%
happens
50%
ignite
50%
introspective
50%
introspective
50%
introspective
50%
It's
50%
It's
50%
I've
50%
know
50%
leash
50%
Lyrics
50%
Lyrics
50%
Lyrics
50%
mean
50%
mean
50%
mean
50%
mind,
50%
move
50%
move
50%
move
50%
next
50%
night,
50%
our
50%
probably
50%
Verse 2 Remember
50%
story
50%
tell
50%
Then
50%
tree,
50%
unfolds
50%
windowsill
50%
your
50%
you're
50%
ain't
46%
ain't
46%
ain't
46%
before
46%
breathe
46%
bump
46%
bump
46%
bump
46%
Cause
46%
close
46%
gifted
46%
gifted
46%
gifted
46%
hearts
46%
hearts
46%
hearts
46%
hearts
46%
hearts
46%
it's
46%
make
46%
make
46%
news
46%
think
46%
were
46%
were
46%
were
46%
about
42%
fine
42%
hearts
42%
loose
42%
make
42%
speakers
42%
speakers
42%
speakers
42%
twice
42%
enough
38%
frozen
38%
still
38%
think
38%
write
33%
slowing
29%
No matching quizzes found
Score Distribution
Percent of People with Each Score
Percentile by Number Answered
Your Score History
You have not taken this quiz